Antennas and propagation for wireless communications systems / (Record no. 17539)
[ view plain ]
| 000 -LEADER | |
|---|---|
| fixed length control field | 00978pam a2200289 a 4500 |
| 001 - CONTROL NUMBER | |
| control field | 006955956 |
| 003 - CONTROL NUMBER IDENTIFIER | |
| control field | Uk |
| 005 - DATE AND TIME OF LATEST TRANSACTION | |
| control field | 20161221173335.0 |
| 008 - FIXED-LENGTH DATA ELEMENTS--GENERAL INFORMATION | |
| fixed length control field | 021212s2007 enka || 001 ||eng |
| 020 ## - INTERNATIONAL STANDARD BOOK NUMBER | |
| International Standard Book Number | 0470848790 |
| 020 ## - INTERNATIONAL STANDARD BOOK NUMBER | |
| International Standard Book Number | 9780470848791 |
| 082 04 - DEWEY DECIMAL CLASSIFICATION NUMBER | |
| Classification number | 621.3824 |
| Edition number | 21 |
| Item number | SAU |
| 100 1# - MAIN ENTRY--PERSONAL NAME | |
| Personal name | Saunders, Simon R. |
| 9 (RLIN) | 33695 |
| 245 10 - TITLE STATEMENT | |
| Title | Antennas and propagation for wireless communications systems / |
| Statement of responsibility, etc | Simon R. Saunders. |
| 246 3# - VARYING FORM OF TITLE | |
| Title proper/short title | Antennas & propagation for wireless communication systems |
| 250 ## - EDITION STATEMENT | |
| Edition statement | 2nd ed. |
| 260 ## - PUBLICATION, DISTRIBUTION, ETC. (IMPRINT) | |
| Place of publication, distribution, etc | Chichester : |
| Name of publisher, distributor, etc | John Wiley, |
| Date of publication, distribution, etc | c2007. |
| 300 ## - PHYSICAL DESCRIPTION | |
| Extent | 524 p. : |
| Other physical details | ill. ; |
| Dimensions | 25 cm. |
| 500 ## - GENERAL NOTE | |
| General note | Previous ed.: published as Antennas & propagation for wireless communication systems. 1999. |
| 500 ## - GENERAL NOTE | |
| General note | Includes index. |
| 650 #0 - SUBJECT ADDED ENTRY--TOPICAL TERM | |
| Topical term or geographic name as entry element | Antennas (Electronics) |
| 9 (RLIN) | 33696 |
| Source of heading or term | BUEsh |
| 650 #0 - SUBJECT ADDED ENTRY--TOPICAL TERM | |
| Topical term or geographic name as entry element | Wireless communication systems. |
| 9 (RLIN) | 33697 |
| Source of heading or term | BUEsh |
| 651 ## - SUBJECT ADDED ENTRY--GEOGRAPHIC NAME | |
| Source of heading or term | BUEsh |
| 653 ## - INDEX TERM--UNCONTROLLED | |
| Arrived date list | September2013 |
| 650 #0 - SUBJECT ADDED ENTRY--TOPICAL TERM | |
| 9 (RLIN) | 8953 |
| Topical term or geographic name as entry element | Radio wave propagation |
| Source of heading or term | BUEsh |
| 942 ## - ADDED ENTRY ELEMENTS (KOHA) | |
| Source of classification or shelving scheme | Dewey Decimal Classification |
| Item type | Book - Borrowing |
| Withdrawn status | Item status | Source of classification or shelving scheme | Damaged status | Not for loan | Vendor | Home library | Current library | Shelving location | Date acquired | Source of acquisition | Total Checkouts | Full call number | Barcode | Date last seen | Date last borrowed | Koha item type | Total Renewals | Checked out | Cost, normal purchase price | Cost, replacement price |
|---|---|---|---|---|---|---|---|---|---|---|---|---|---|---|---|---|---|---|---|---|
| Dewey Decimal Classification | Baccah | Central Library | Central Library | First floor | 22/09/2013 | 2 | 621.3824 SAU | 000028883 | 15/07/2025 | 13/11/2013 | NB - Book (Non borrowing) | |||||||||
| Dewey Decimal Classification | Baccah | Central Library | Central Library | First floor | 22/09/2013 | 3 | 621.3824 SAU | 000028884 | 15/07/2025 | 13/10/2014 | Book - Borrowing | 25 | ||||||||
| Dewey Decimal Classification | Baccah | Central Library | Central Library | First floor | 22/09/2013 | 6 | 621.3824 SAU | 000028885 | 01/10/2014 | 01/10/2014 | Book - Borrowing | 16 | 23/12/2023 | |||||||
| Dewey Decimal Classification | Baccah | Central Library | Central Library | First floor | 22/09/2013 | Purchase | 2 | 621.3824 SAU | 000028886 | 15/07/2025 | 01/10/2015 | Book - Borrowing | 2 | 560.00 | 700.00 |